| 000 | 00787nam a22002177a 4500 | ||
|---|---|---|---|
| 999 |
_c6826 _d6826 |
||
| 001 | 6826 | ||
| 003 | BD-JhCC | ||
| 005 | 20180131153737.0 | ||
| 008 | 180130b xxu||||| |||| 00| 0 eng d | ||
| 035 | _a(BD-JhCC)6826 | ||
| 040 |
_aBD-JhCC _dBD-JhCC |
||
| 041 | _aeng | ||
| 082 |
_a297.124 _bBAN 1963 |
||
| 245 |
_aবঙ্গানুবাদ শমায়েলে তিরমিযী / _cমৌওলানা মোহাম্মদ ফজলুল্লাহ (অনুবাদক) |
||
| 260 |
_aচট্টগ্রাম : _bইসলামিয়া লাইব্ররী, _c1963. |
||
| 300 |
_a340 P. : _c25 CM. |
||
| 650 | _aHadith | ||
| 700 | _aফজলুল্লাহ, মৌওলানা মোহাম্মদ | ||
| 942 |
_2ddc _cBK |
||